Statistics for Modern-Day Countries Conquered by Julius Caesar

Click here to take the quiz!

General Stats

  • This quiz has been taken 174 times
  • The average score is 31 of 36

Answer Stats

%Country% Correct
90France
99%
100Spain
98%
95Italy
97%
20Egypt
96%
95Greece
96%
5Germany
95%
100Portugal
95%
75Turkey
93%
65Israel
91%
10Morocco
91%
10Algeria
90%
5Austria
90%
45Netherlands
90%
100Belgium
89%
80Tunisia
89%
15Libya
88%
50Switzerland
88%
100Vatican City
88%
100Albania
87%
100Andorra
86%
15Bosnia and Herzegovina
86%
10Bulgaria
86%
40Croatia
86%
100San Marino
85%
60Slovenia
85%
10Syria
85%
5Jordan
84%
100Luxembourg
84%
95Lebanon
83%
5Kosovo
82%
100Malta
82%
60North Macedonia
82%
65Montenegro
79%
100Monaco
78%
100Cyprus
77%
5Georgia
64%

Score Distribution

Percentile by Number Answered

Percent of People with Each Score

Your Score History

You have not taken this quiz